Markenlogos #2 - Statistiken

Allgemein
  • Dieses Quiz wurde 6.585 mal gespielt
  • Das Durchschnittsergebnis liegt bei 16 aus 20
Antwortstatistiken
Marke % Korrekt
Google
100%
Puma
99%
Twitter
99%
Lego
98%
Microsoft
98%
Burger King
97%
Firefox
97%
Starbucks
97%
SnapChat
96%
Spotify
96%
X-Box
95%
Playboy
89%
Skoda Auto
89%
Fanta
69%
Nestle
67%
The North Face
66%
Beats by Dre
63%
WalMart
40%
Victoria's Secret
26%
AT&T
10%
Keine übereinstimmenden Quizze gefunden
Verteilung der Resultate
Anzahl Personen mit jedem Resultat
Perzentil nach korrekt beantworteten Fragen
Ihre Resultats-Entwicklung
Sie haben dieses Quiz noch nicht gespielt